Logo BPK

Biblioteka

Politechniki Koszalińskiej

Vibrating beams : (Rekord nr 27102)

Szczegóły MARC
000 -ETYKIETA REKORDU
podpole kontrolne o stałej długości 00554nam a2200157 i 4500
001 - NUMER KONTROLNY REKORDU
pole kontrolne bg
040 ## - ŹRÓDŁO KATALOGOWANIA
Instytucja, która utworzyła rekord BPK
041 ## - KOD JĘZYKA
Kod języka tekstu pol
080 ## - UNIWERSALNA KLASYFIKACJA DZIESIĘTNA - UKD
UKD 624.01/.07
008 - POLE O STAŁEJ DŁUGOŚCI - DANE KONTROLNE
podpole kontrolne o stałej długości s pl f |000 0 pol
100 1# - NAZWA OSOBOWA
Nazwa osobowa PITLOUN, Rudolf
245 #0 - TYTUŁ/ODPOWIEDZIALNOŚĆ
Tytuł Vibrating beams :
Ciąg dalszy tytułu tables for calculation of natural frequencies and dynamic deflection curves for single and coninuuous spans with point loads, cantilever ands and elastic supports /
Pozostałe elementy strefy tytułu i oznaczenia odpowiedzialności Rudolf Pitloun.
260 ## - STREFA ADRESU WYDAWNICZEGO
Miejsce wydania Berlin :
Nazwa wydawcy/dystrybutora VEB Verl. für Bauwesen,
Data publikacji, dystrybucji/powstania dokumentu 1971.
650 #9 - HASŁO PRZEDMIOTOWE W FORMIE NAZWY OGÓLNEJ LUB JEDNOSTKOWEJ
Nazwa ogólna lub geograficzna Konstrukcje budowlane
856 ## - LOKALIZACJA I DOSTĘP DO ELEKTRONICZNYCH DOKUMENTÓW ZDALNYCH
Link (URL) http://koha.tu.koszalin.pl/cgi-bin/koha/opac-detail.pl?biblionumber=27102
Tekst linku Katalog online BPK
942 ## - DODATKOWE ELEMENTY (KOHA)
Typ dokumentu Książka
Egzemplarze
Wycofany Status egzemplarza Uszkodzony Dostępność Lokalizacja stała Lokalizacja bieżąca Miejsce przechowywania Sygnatura Kod kreskowy Typ dokumentu
      Dostępny Biblioteka Politechniki Koszalińskiej Biblioteka Politechniki Koszalińskiej Wypożyczalnia BG 18873 02032634 Książka
© 2023 Biblioteka Politechniki Koszalińskiej :: KOHA